<?xml version="1.0" encoding="UTF-8"?>
<record
    xmlns:xsi="http://www.w3.org/2001/XMLSchema-instance"
    xsi:schemaLocation="http://www.loc.gov/MARC21/slim http://www.loc.gov/standards/marcxml/schema/MARC21slim.xsd"
    xmlns="http://www.loc.gov/MARC21/slim">

  <leader>02127nam a22003017a 4500</leader>
  <controlfield tag="001">9059</controlfield>
  <controlfield tag="003">FISKH</controlfield>
  <controlfield tag="005">20251118115436.0</controlfield>
  <controlfield tag="008">251118b        cb ||||| |||| 00| 0 eng d</controlfield>
  <datafield tag="020" ind1=" " ind2=" ">
    <subfield code="a">9789996346392</subfield>
  </datafield>
  <datafield tag="040" ind1=" " ind2=" ">
    <subfield code="a">FISKH</subfield>
    <subfield code="b">khr</subfield>
    <subfield code="c">FISKH</subfield>
    <subfield code="d">FISKH</subfield>
  </datafield>
  <datafield tag="082" ind1=" " ind2=" ">
    <subfield code="a">398.2</subfield>
  </datafield>
  <datafield tag="100" ind1=" " ind2=" ">
    <subfield code="a">Pisey, Pol</subfield>
  </datafield>
  <datafield tag="245" ind1=" " ind2=" ">
    <subfield code="a">&#x1780;&#x17BC;&#x1793;&#x178A;&#x17C6;&#x179A;&#x17B8;&#x1794;&#x17D2;&#x178F;&#x17BC;&#x179A;&#x1791;&#x1798;&#x17D2;&#x179B;&#x17B6;&#x1794;&#x17CB; /</subfield>
    <subfield code="c">&#x1793;&#x17B7;&#x1796;&#x1793;&#x17D2;&#x1792;&#x178A;&#x17C4;&#x1799; &#x17A2;&#x17D2;&#x1793;&#x1780;&#x179F;&#x17D2;&#x179A;&#x17B8; &#x1794;&#x17C9;&#x17BB;&#x179B; &#x1796;&#x17B7;&#x179F;&#x17B8; , &#x1780;&#x17C2;&#x179F;&#x1798;&#x17D2;&#x179A;&#x17BD;&#x179B;&#x178A;&#x17C4;&#x1799; &#x17A2;&#x17D2;&#x1793;&#x1780;&#x179F;&#x17D2;&#x179A;&#x17B8; &#x1782;&#x17B9;&#x1798;&#x179F;&#x17CA;&#x17BB;&#x1793; &#x179F;&#x17BB;&#x1792;&#x17B6;&#x179A;&#x17B8; </subfield>
  </datafield>
  <datafield tag="260" ind1=" " ind2=" ">
    <subfield code="a">Phom Penh : </subfield>
    <subfield code="b">Reading Books , </subfield>
    <subfield code="c">2015.</subfield>
  </datafield>
  <datafield tag="300" ind1=" " ind2=" ">
    <subfield code="a">20 pages : </subfield>
    <subfield code="b">color illustrations ; </subfield>
    <subfield code="c">25 cm . </subfield>
  </datafield>
  <datafield tag="490" ind1=" " ind2=" ">
    <subfield code="a">&#x1796;&#x17B7;&#x1797;&#x1796;&#x179A;&#x17BF;&#x1784;&#x1793;&#x17B7;&#x1791;&#x17B6;&#x1793;</subfield>
  </datafield>
  <datafield tag="505" ind1=" " ind2=" ">
    <subfield code="a">M 
</subfield>
  </datafield>
  <datafield tag="520" ind1=" " ind2=" ">
    <subfield code="a">&#x179A;&#x17BF;&#x1784;&#x1793;&#x17C1;&#x17C7;&#x1785;&#x1784;&#x17CB;&#x17A2;&#x1794;&#x17CB;&#x179A;&#x17C6;&#x17A2;&#x17C4;&#x1799;&#x1794;&#x17D2;&#x17A2;&#x17BC;&#x1793;&#x17D7;&#x1780;&#x17BB;&#x1798;&#x17B6;&#x179A;&#x1798;&#x17B6;&#x1793;&#x179F;&#x17BB;&#x1787;&#x17B8;&#x179C;&#x1792;&#x1798;&#x17CF;&#x1793;&#x17C5;&#x1780;&#x17D2;&#x1793;&#x17BB;&#x1784;&#x1782;&#x17D2;&#x179A;&#x17BD;&#x179F;&#x17B6;&#x179A;&#x1780;&#x17CF;&#x178A;&#x17BC;&#x1785;&#x1787;&#x17B6;&#x1780;&#x17D2;&#x1793;&#x17BB;&#x1784;&#x179F;&#x1784;&#x17D2;&#x1782;&#x1798; &#x17D4; &#x1787;&#x17B6;&#x1784;&#x1793;&#x17C1;&#x17C7;&#x1791;&#x17C5;&#x1791;&#x17C0;&#x178F;&#x1793;&#x17C5;&#x1796;&#x17C1;&#x179B;&#x178A;&#x17C2;&#x179B;&#x1785;&#x1784;&#x17CB;&#x1794;&#x17B6;&#x1793;&#x179A;&#x1794;&#x179F;&#x17CB;&#x17A2;&#x17D2;&#x179C;&#x17B8;&#x1798;&#x17BD;&#x1799;&#x1796;&#x17B8;&#x17AA;&#x1796;&#x17BB;&#x1780;&#x1798;&#x17D2;&#x178F;&#x17B6;&#x1799; &#x17AC; &#x1796;&#x17B8;&#x1793;&#x179A;&#x178E;&#x17B6;&#x1798;&#x17D2;&#x1793;&#x17B6;&#x1780;&#x17CB;&#x178F;&#x17D2;&#x179A;&#x17BC;&#x179C;&#x1785;&#x17C1;&#x17C7;&#x179F;&#x17BB;&#x17C6;&#x1793;&#x17B7;&#x1784;&#x17A2;&#x179A;&#x1782;&#x17BB;&#x178E;&#x1794;&#x1793;&#x17D2;&#x1791;&#x17B6;&#x1794;&#x17CB;&#x1796;&#x17B8;&#x1791;&#x1791;&#x17BD;&#x179B;&#x1794;&#x17B6;&#x1793; &#x17A0;&#x17BE;&#x1799;&#x178F;&#x17D2;&#x179A;&#x17BC;&#x179C;&#x1798;&#x17B6;&#x1793;&#x1791;&#x1798;&#x17D2;&#x179B;&#x17B6;&#x1794;&#x17CB;&#x179B;&#x17D2;&#x17A2;&#x1791;&#x17B6;&#x17C6;&#x1784;&#x1780;&#x17B6;&#x1799;&#x179C;&#x17B7;&#x1780;&#x17B6;&#x179A;&#x1793;&#x17B7;&#x1784;&#x1796;&#x17B6;&#x1780;&#x17D2;&#x1799;&#x179F;&#x1798;&#x17D2;&#x178F;&#x17B8; &#x17D4; </subfield>
  </datafield>
  <datafield tag="520" ind1=" " ind2=" ">
    <subfield code="a">This story is intended to educate young children so that they have savoir faire in their household as well as in th society. What is more, when in need of something from parents or someone, they have to ask it from them and say thanks following their receipt of it and they have to have good habits in terms of their physical movements and speeches . </subfield>
  </datafield>
  <datafield tag="521" ind1="8" ind2=" ">
    <subfield code="a">520 
</subfield>
    <subfield code="b">Lexile estimate 
</subfield>
  </datafield>
  <datafield tag="521" ind1="8" ind2=" ">
    <subfield code="a">M 
</subfield>
    <subfield code="b">Raz-Plus 
</subfield>
  </datafield>
  <datafield tag="650" ind1=" " ind2=" ">
    <subfield code="a">&#x1780;&#x17BC;&#x1793;&#x178A;&#x17C6;&#x179A;&#x17B8;&#x1794;&#x17D2;&#x178F;&#x17BC;&#x179A;&#x1791;&#x1798;&#x17D2;&#x179B;&#x17B6;&#x1794;&#x17CB; </subfield>
    <subfield code="v">&#x179A;&#x17BF;&#x1784;&#x1793;&#x17B7;&#x1791;&#x17B6;&#x1793;&#x1780;&#x17BB;&#x1798;&#x17B6;&#x179A;</subfield>
  </datafield>
  <datafield tag="650" ind1=" " ind2=" ">
    <subfield code="a">Baby elephant changes its habits </subfield>
    <subfield code="v">Children's Stories</subfield>
  </datafield>
  <datafield tag="700" ind1=" " ind2=" ">
    <subfield code="a">Saren, Koam </subfield>
    <subfield code="e">Illustrator </subfield>
  </datafield>
  <datafield tag="942" ind1=" " ind2=" ">
    <subfield code="2">ddc</subfield>
    <subfield code="c">KHB</subfield>
    <subfield code="n">0</subfield>
  </datafield>
  <datafield tag="999" ind1=" " ind2=" ">
    <subfield code="c">9059</subfield>
    <subfield code="d">9059</subfield>
  </datafield>
  <datafield tag="952" ind1=" " ind2=" ">
    <subfield code="0">0</subfield>
    <subfield code="1">0</subfield>
    <subfield code="2">ddc</subfield>
    <subfield code="4">0</subfield>
    <subfield code="7">0</subfield>
    <subfield code="8">Khmer-English Bilingual </subfield>
    <subfield code="a">002</subfield>
    <subfield code="b">002</subfield>
    <subfield code="c">TTP Khmer</subfield>
    <subfield code="d">2025-11-18</subfield>
    <subfield code="l">0</subfield>
    <subfield code="o">PIS 398.2</subfield>
    <subfield code="p">FISBK03834</subfield>
    <subfield code="r">2025-11-18 11:30:27</subfield>
    <subfield code="w">2025-11-18</subfield>
    <subfield code="y">KHB</subfield>
  </datafield>
</record>
